Sobrenomes mais Comuns no Brasil - Statistics

Estatísticas Gerais
  • Esse quiz foi jogado 187 vezes
  • A pontuação média é 10 de 20
Estatísticas das Respostas
Posição Frequência Sobrenome % Correto
34.030.104 Silva
99%
21.367.475 Santos
87%
11º 4.797.390 Sousa
75%
11.708.947 Oliveira
72%
6.888.212 Pereira
72%
9.197.158 Souza
67%
6.226.228 Ferreira
64%
6.094.630 Lima
63%
10º 4.861.083 Costa
57%
5.428.540 Rodrigues
52%
5.756.825 Alves
45%
20º 2.599.978 Carvalho
40%
12º 4.046.634 Gomes
38%
18º 2.738.119 Barbosa
36%
15º 3.127.425 Ribeiro
34%
14º 3.460.940 Araújo
32%
13º 3.609.232 Nascimento
32%
16º 3.069.183 Almeida
31%
19º 2.615.284 Soares
28%
17º 2.859.490 Jesus
23%
Nenhum quiz correspondente encontrado
Distribuição das Pontuações
Porcentagem de Pessoas com Cada Pontuação
Percentil de Números Respondidos
Sua Pontuação Histórica
Você não jogou esse quiz